000 00225nam a22000857a 4500
008 160916b xxu||||| |||| 00| 0 eng d
100 _9556
_aBatra.H.etal
245 _aOur Enivironment-5
260 _aNew Delhi
_bPB. Publications
_c2011
999 _c3213
_d3213